000
00202 a2200097 4500
001
49431
100
_a
Trollape
245
_a
Barchester Touers
260
_a
London
_b
J M Dent
_c
090
_c
31967
_d
31967
942
_a
NUST-CAE
_c
M
_c
24410
999
_c
284504
_d
284504